Duden. Das grosse Wörterbuch der deutschen Sprache in zehn Bänden Band 6, Lein-Peko

Bibliographic Details
Corporate Author: Der Wissenschaftliche Rat der Dudenredaktion (edi)
Format: Book
Language:German
PhysicalDescription:S. 2401 - 2880 25 cm
Published: Mannheim Dudenverlag 1999
ISBN:3411047933
341104733X
Edition:3.,völlig bearb. und erw. Aufl.
Subjects:

MARC

LEADER 00000cam a2200000 a 4500
001 vtls001474906
003 SK-MaSNL
005 20260301163720.0
008 040517s1999 gw 00100 ger
020 |a 3411047933  |c 799,00 
020 |a 341104733X 
035 |a SNK000430207 
040 |a SNK  |b slo  |c SNK  |e AACR2 
041 0 |a ger 
044 |a gw  |c DE 
072 7 |a 811.112.2  |x Nemčina  |2 konspekt 
080 |a 811.112.2  |2 1981 
080 |a (031)  |2 1981 
245 0 0 |a Duden. Das grosse Wörterbuch der deutschen Sprache in zehn Bänden  |c herausgegeben vom Wissenschaftlichen Rat der Dudenredaktion  |n Band 6, Lein-Peko 
250 |a 3.,völlig bearb. und erw. Aufl. 
260 |a Mannheim  |b Dudenverlag  |c 1999 
300 |a S. 2401 - 2880  |c 25 cm 
650 0 7 |a nemčina  |2 SNKPH  |9 1384 
655 7 |a slovníky  |2 SNKPH  |9 70413 
655 7 |a výkladové slovníky  |2 SNKPH  |9 69007 
710 0 |a Der Wissenschaftliche Rat der Dudenredaktion  |4 edi  |9 303915 
919 |a 3-411-04793-3 
919 |a 3-411-04733-X 
999 |c 817954  |d 819884 
952 |t snkDAS/6 803.0(031)  |a SNKUST  |b SNKUST  |y PREZ  |7 0  |p 17A0424313  |o snkIC 131397/6   |i snkK 342/2004  |g 26.52  |0 0  |1 0  |4 0  |d 2004-05-17  |l 0  |r 2025-04-28 00:00:00  |w 2026-02-24